000 01088nam0a2200349 i 4500
001 RU\NLR\BIBL_A\011187173
005 20240921160515.0
010 _a9785699882908
_93000
021 _aRU
_b2016-55207
_93506
035 _a(NILC)RuMoRGB-008546400
035 _a(NLR Aleph) 011187173
090 _a11847977
_c11847977
100 _a20160802d2016 km y0rusy50 ca
101 0 _arus
102 _aRU
105 _aa|||z|||000yy
200 1 _aЯркие заготовки
_f[авт.-сост.: Н. Савинова]
210 _aМосква
_cЭ
_d2016
215 _a47 с.
_cцв. ил.
_d22
225 1 _aРецепты солнечного настроения
333 _a16+
606 1 _aВаренье
_xРецептура
_92090298
_3RU\NLR\AUTH\661265235
606 1 _aКомпоты
_xРецептура
_92206897
_3RU\NLR\AUTH\661325884
675 _a641/642
686 1 _aЛ913.03
686 1 _aЛ991.5
702 1 _aСавинова
_bН.
_4220
801 0 _aRU
_bРГБ
_c20160712
_gRCR
942 _cBOOK
980 _aNBR